000
00244nam a2200097Ia 4500
001
1253331
005
20251031150952.0
008
251031s9999 xx 000 0 und d
245
0
_c
AHMET ŞİMŞİRGİL
_a
Y-1 KAYI 6
260
_b
TİMAŞ YAYINLARI
999
_c
1253331
_d
1253331